| 000 | 00924nam0a2200241 4500 | ||
|---|---|---|---|
| 001 | RU\NLR\BIBL_A\011185236 | ||
| 005 | 20250625213919.0 | ||
| 035 | _a(NLR Aleph) 011185236 | ||
| 090 |
_a11837640 _c11837640 |
||
| 100 | _a20160727d1932 |||y0rusy50 ca | ||
| 101 | 0 | _asah | |
| 102 | _aRU | ||
| 105 | _ay z 000 y | ||
| 200 | 1 |
_aҮбү хомуйар уопсастыбаннай устурууктарга салалта _gС. А. С. С. Ө. Үбү дьаhайар Нор. Хамыссарыйаата |
|
| 210 |
_aДьокуускай _cСаха кинигэтин бэчээтэ _d1932 |
||
| 215 |
_a15 с. _d17 |
||
| 300 | _aЛатин. графика | ||
| 541 | 1 |
_aРуководство общественному инструктору по мобилизации средств _zrus |
|
| 686 | 1 | _aУ9(2)26 | |
| 852 |
_aNLR _bОНЛ _jЯкут./2-202 |
||
| 942 | _cBOOK | ||
| 980 | _aNB | ||